Strzelcy LaLiga w sezonie 2023/24 - Statystyki

Ogólne statystyki
  • Ten quiz został rozwiązany 497 razy
  • Średni wynik to 6 z 10
Statystyki odpowiedzi
Miejsce Zawodnik Klub Liczba bramek % Poprawnych
3 Robert Lewandowski FC Barcelona 19
97%
8 Vinicius Junior Real Madryt 15
87%
4 Jude Bellingham Real Madryt 19
78%
1 Artem Dovbyk Girona FC 24
77%
6 Antoine Griezmann Atletico Madryt 16
75%
2 Alexander Sørloth Villareal CF 23
58%
9 Álvaro Morata Atletico Madryt 15
43%
5 Ante Budimir CA Osasuna 17
43%
7 Youssef En-Nesyri Sevilla FC 16
21%
10 Borja Mayoral Getafe CF 15
10%
Nie znaleziono quizów pasujących do podanych kryteriów
Rozkład punktacji
Procent ludzi z każdym wynikiem
Percentyl według liczby udzielonych odpowiedzi
Twoja historia wyników
Nie rozwiązałeś tego quizu